Power Politics and People : the collected essays of C. Wright Mills.

Spremljeno u:
Bibliografski detalji
Glavni autor: Wright Mills, C. (autor)
Daljnji autori: Horowitz, Irving Louis, ed (autor) ed, (autor)
Format: Knjiga
Jezik:engleski
Teme:
Oznake: Dodaj oznaku
Bez oznaka, Budi prvi tko označuje ovaj zapis!

MARC

LEADER 00000cam^a2200000uu^4500
001 000491904
005 20250521000000.0
008 050901s1967^^^^^^^^^^^^rd^r^^000^0^eng^d
009 20260310125427.244
035 |a FCE 000035162 
035 |a FCE 035200 
037 |a Acervo ITESO - Biblioteca 
041 |a eng 
082 0 4 |a 327.11  |b MILp 
100 |a Wright Mills, C.  |e (autor) 
245 1 0 |a Power Politics and People :  |b the collected essays of C. Wright Mills. 
264 |a México :  |b Oxford University,  |c 1967. 
300 |a 657 p. 
336 |a texto  |b txt  |2 rdacontenido 
337 |a sin mediación  |b n  |2 rdamedio 
338 |a volumen  |b nc  |2 rdasoporte 
649 |a XX 
650 |a Humanismo 
650 |a Política 
650 |a Conocimiento 
650 |a Industrialización 
650 |a Medio social 
650 |a Sistema político 
650 |a Poder social 
650 |a Estados Unidos 
700 |a Horowitz, Irving Louis,  |e ed  |e (autor) 
910 |a Fondo Centro de Estudios Educativos 
920 |a Impresos - Libros 
930 |a Fondos Especiales 
905 |a 133 
901 |a ALE035200  |b IT2  |c CEE  |u 20250521 
902 |a https://opac.biblio.iteso.mx/vufind/Record/000491904